000 00472nam a2200193Ia 4500
005 20240823050629.0
008 240823s9999||||xx |||||||||||||| ||und||
020 _a81-7319-321-5
041 _aENGLISH
082 _A621.4021 Q0
100 _a"Guha,Evelyn"
245 0 _aBasic Thermodynamics
250 _a1st
260 _c2010
_b"Narosa, New "
_aNew Delhi
500 _aYES
650 _aThermodynamics
_bAeronautical Engineering
942 _cBK
999 _c217697
_d217697